El discurso oficial de los pequeños y medianos cafetaleros (1920-1940, 1950-1961) /
Đã lưu trong:
| Tác giả chính: | |
|---|---|
| Định dạng: | Không biết |
| Những chủ đề: | |
| Các nhãn: |
Thêm thẻ
Không có thẻ, Là người đầu tiên thẻ bản ghi này!
|
MARC
| LEADER | 000000000a22000000004500 | ||
|---|---|---|---|
| 001 | 004100 | ||
| 100 | 1 | |a González Ortega, Alfonso | |
| 245 | 1 | 3 | |a El discurso oficial de los pequeños y medianos cafetaleros (1920-1940, 1950-1961) / |c Alfonzo González Ortega. |
| 310 | |a semestral | ||
| 650 | 4 | |a LUCHAS POR EL PRECIO DEL CAFE | |
| 650 | 4 | |a REFORMISMO | |
| 650 | 4 | |a MONOPOLIO | |
| 650 | 4 | |a CONCENTRACION DE TIERRAS | |
| 650 | 4 | |a CAPITALISMO | |
| 650 | 4 | |a NACIONALISMO Y CAFICULTORES | |
| 650 | 4 | |a POLARIZACION SOCIAL | |
| 650 | 4 | |a LUCHA VALIDA MERCANTIL Y CATOLICAMENTE | |
| 650 | 4 | |a CRISIS DEL CAFE (1957) | |
| 650 | 4 | |a CAFICULTORES CONTRA EL ESTADO | |
| 650 | 4 | |a COOPERATIVISMO | |
| 773 | 0 | |d San José, Costa Rica : EUNA : EUCR |t Revista de Historia |g número 16 (1987), páginas 161-191 | |
| 942 | |c ARC | ||
| 999 | |c 11273 |d 11273 | ||
